Normal view
MARC view
Entry Personal Name
001 - CONTROL NUMBER
- control field: 3197
003 - CONTROL NUMBER IDENTIFIER
- control field: BD-RjUL
005 - DATE AND TIME OF LATEST TRANSACTION
- control field: 20220526104934.0
008 - FIXED-LENGTH DATA ELEMENTS
- fixed length control field: 220526|| aca||aabn | a|a d
040 ## - CATALOGING SOURCE
- Original cataloging agency: BD-RjUL
- Transcribing agency: BD-RjUL
100 ## - HEADING--PERSONAL NAME
- Personal name: Sarkar, Prabhas Chandra
670 ## - SOURCE DATA FOUND
- Source citation: Work cat.: (BD-RjUL)28618: India (Republic) Laws, statutes, etc. [from old catalog] 138504, Civil laws in India & Pakistan /, 1953